000 00573nam a2200157 4500
999 _c6707
_d6707
008 170426b xxu||||| |||| 00| 0 eng d
022 _a0119-9000
082 _aDPer 641.505 C77 Jan-June 2013 v.13-14
100 _920305
_ade la Cuesta, Danny.
245 _aOscar is more than just a juicer:
_bit grinds meat, slices vegetables and crushes ice/
_cDanny de la Cuesta.
260 _aPhilippines:
_bUBM Medica,
_c©Jan-June 2013.
300 _av13 n10, pages 40-41:
_billustrations;
_c29 cm.
500 _aCook.
650 0 _920306
_aKitchen utensils
942 _2ddc
_cPER